[Event "Hoogeveen Amateurs op 25th"]
[Site "Hoogeveen"]
[Date "2022.10.18"]
[Round "4.11"]
[White "Van den Heuvel, Annelies"]
[Black "Van De Laar, Andre"]
[Result "1-0"]
[WhiteElo "1668"]
[BlackElo "1581"]
[PlyCount "83"]
[EventDate "2022.10.15"]
[EventType "swiss"]
[EventRounds "7"]
[EventCountry "NED"]
[SourceTitle "CBM 210 Extra"]
[Source "ChessBase"]
[SourceDate "2022.11.30"]
[SourceVersion "1"]
[SourceVersionDate "2022.11.30"]
[SourceQuality "1"]

1. e4 c5 2. Nc3 Nc6 3. f4 d6 4. Bb5 Bd7 5. Bxc6 Bxc6 6. Nf3 Nf6 7. d3 g6 8. 0-0 Bg7 9. Qe1 e6 10. f5 0-0 11. Qh4 Nh5 12. Qh3 exf5 13. exf5 Qd7 14. g4 Bxf3 15. Qxf3 Bd4+ 16. Kh1 Nf6 17. Bd2 Qc6 18. Qxc6 bxc6 19. h3 Rab8 20. Rab1 Rfe8 21. Rfe1 d5 22. Rxe8+ Rxe8 23. Re1 gxf5 24. gxf5 Rxe1+ 25. Bxe1 Kg7 26. Kg2 Ne8 27. Kf3 Nd6 28. Na4 Nxf5 29. c3 Be5 30. Nxc5 Bd6 31. Nb7 Bc7 32. Bf2 Bb6 33. b4 d4 34. c4 Kf6 35. Ke4 Ke6 36. a4 Bc7 37. b5 cxb5 38. axb5 h5 39. Nc5+ Kf6 40. Nb3 Ke6 41. c5 Ne3 42. Nxd4+ 1-0

[Event "Brasschaat op 19th"]
[Site "Brasschaat"]
[Date "2019.08.17"]
[Round "1"]
[White "Froeyman, Helmut"]
[Black "Van De Laar, Andre"]
[Result "1-0"]
[WhiteElo "2269"]
[BlackElo "1699"]
[PlyCount "63"]
[EventDate "2019.08.17"]
[EventType "swiss"]
[EventRounds "9"]
[EventCountry "BEL"]
[SourceTitle "EXT 2020"]
[Source "ChessBase"]
[SourceDate "2019.10.17"]
[SourceVersion "1"]
[SourceVersionDate "2019.10.17"]
[SourceQuality "1"]

1. e4 c5 2. Nf3 a6 3. c4 Nc6 4. d4 cxd4 5. Nxd4 Nf6 6. Nc3 d6 7. Be2 g6 8. Be3 Bg7 9. 0-0 0-0 10. Qd2 Bd7 11. f3 Rc8 12. Rfd1 Qc7 13. Rac1 Qb8 14. a4 Rfd8 15. b3 Be8 16. Bf1 Kh8 17. Qf2 e6 18. Nxc6 Rxc6 19. Bd4 Nd7 20. Bxg7+ Kxg7 21. Rc2 Kg8 22. Rb2 Qc7 23. f4 Qb6 24. Qxb6 Rxb6 25. a5 Rc6 26. Rbd2 Nf8 27. e5 d5 28. Ne4 Kg7 29. Nf6 b6 30. cxd5 exd5 31. Rxd5 Rxd5 32. Nxe8+ 1-0

[Event "Vlissingen HZ op 23rd"]
[Site "Vlissingen"]
[Date "2019.08.10"]
[Round "9"]
[White "Dittmar, Lars"]
[Black "Van De Laar, Andre"]
[Result "1-0"]
[WhiteElo "1882"]
[BlackElo "1699"]
[PlyCount "69"]
[EventDate "2019.08.03"]
[EventType "swiss"]
[EventRounds "9"]
[EventCountry "NED"]
[SourceTitle "CBM 191 Extra"]
[Source "ChessBase"]
[SourceDate "2019.09.30"]
[SourceVersion "1"]
[SourceVersionDate "2019.09.30"]
[SourceQuality "1"]

1. e4 c5 2. Nf3 a6 3. d4 cxd4 4. Nxd4 Nf6 5. Bd3 e5 6. Nb3 Nc6 7. c4 d6 8. 0-0 Be7 9. Nc3 h6 10. f3 Bd7 11. Be3 0-0 12. Rc1 Rc8 13. Qe2 Nb4 14. Bb1 Be6 15. Nd2 a5 16. a3 Na6 17. Rfd1 Nh7 18. Nd5 Bxd5 19. cxd5 Bg5 20. Qf2 Qd7 21. Nc4 Bxe3 22. Qxe3 Qb5 23. Nxd6 Rxc1 24. Rxc1 Qxb2 25. Nc4 Qd4 26. Qxd4 exd4 27. Nxa5 Nf6 28. Nb3 Nd7 29. Bd3 Ne5 30. Bxa6 bxa6 31. Nxd4 Rb8 32. Nc6 Nxf3+ 33. gxf3 Rb3 34. Rd1 Rxa3 35. d6 1-0

[Event "Vlissingen HZ op 23rd"]
[Site "Vlissingen"]
[Date "2019.08.04"]
[Round "3"]
[White "Kraemer, Max"]
[Black "Van De Laar, Andre"]
[Result "1-0"]
[WhiteElo "2041"]
[BlackElo "1699"]
[PlyCount "61"]
[EventDate "2019.08.03"]
[EventType "swiss"]
[EventRounds "9"]
[EventCountry "NED"]
[SourceTitle "CBM 191 Extra"]
[Source "ChessBase"]
[SourceDate "2019.09.30"]
[SourceVersion "1"]
[SourceVersionDate "2019.09.30"]
[SourceQuality "1"]

1. d4 Nf6 2. Nc3 g6 3. Bf4 d6 4. Qd2 Bg7 5. Bh6 0-0 6. Bxg7 Kxg7 7. 0-0-0 Bf5 8. f3 Nc6 9. h4 e5 10. d5 Nb8 11. g4 Bc8 12. h5 Ng8 13. e3 h6 14. hxg6 fxg6 15. Bd3 Nf6 16. Nh3 Rh8 17. g5 Ng8 18. gxh6+ Rxh6 19. Nf2 Qf6 20. Rxh6 Nxh6 21. Rg1 Nf5 22. Nfe4 Qh4 23. Qg2 Qh6 24. Ng5 Nxe3 25. Ne6+ Bxe6 26. Qxg6+ Qxg6 27. Rxg6+ Kf8 28. dxe6 Nc6 29. Kd2 Ne7 30. Rf6+ Kg7 31. Rf7+ 1-0

[Event "Brasschaat op 15th"]
[Site "Brasschaat"]
[Date "2015.08.17"]
[Round "3"]
[White "Van De Laar, Andre"]
[Black "Paardekam, Rene"]
[Result "1/2-1/2"]
[WhiteElo "1677"]
[BlackElo "1890"]
[PlyCount "61"]
[EventDate "2015.08.15"]
[EventType "swiss"]
[EventRounds "9"]
[EventCountry "BEL"]
[SourceTitle "EXT 2016"]
[Source "ChessBase"]
[SourceDate "2015.10.08"]
[SourceVersion "1"]
[SourceVersionDate "2015.10.08"]
[SourceQuality "1"]

1. c4 Nf6 2. Nc3 e5 3. g3 Nc6 4. Bg2 g6 5. d3 Bg7 6. Nf3 0-0 7. 0-0 d6 8. Rb1 Re8 9. Bg5 h6 10. Bd2 Be6 11. Re1 e4 12. Nxe4 Nxe4 13. dxe4 Bxc4 14. Qc2 Bxa2 15. Ra1 Be6 16. Bc3 a6 17. Rad1 Qe7 18. Bxg7 Kxg7 19. Qc3+ f6 20. Nd4 Bd7 21. f4 Nxd4 22. Rxd4 Bc6 23. e5 dxe5 24. fxe5 fxe5 25. Rc4 Qd6 26. Bxc6 bxc6 27. Rxc6 Qd4+ 28. Qxd4 exd4 29. Rxc7+ Kg8 30. Rc6 Kg7 31. Rc7+ 1/2-1/2